US states above 5 million population - Sudden Death - Statistics

General Stats
  • This quiz has been taken 101 times
  • The average score is 5 of 10
Answers on the Grid
Answers color-coded by a green-red scale on the quiz's grid according to % correct below.
Utah
Colorado
New Jersey
Idaho
Louisiana
Arkansas
Wisconsin
Oklahoma
Washington
North Carolina
Oregon
Indiana
Connecticut
Maryland
Kentucky
Nebraska
Massachusetts
South Carolina
Iowa
Georgia
 
Answer Stats
Answer % Correct
New Jersey
74%
Washington
65%
Georgia
57%
Massachusetts
48%
North Carolina
48%
Colorado
39%
Indiana
39%
Maryland
39%
Wisconsin
35%
South Carolina
30%
No matching quizzes found
Score Distribution
Percent of People with Each Score
Percentile by Number Answered
Your Score History
You have not taken this quiz